1632 1910 1837 1691 1803 1184 1025 1720 1747 1728 1455 1453 1959 1300 1977 1281 1600 1233 1238 1929 1947 1288 1618 1480 1942 1390 1684 1968 1649 1925 1347 1233 1397 1384 1390 1677 1424 1308 1973 1406 1997 1311 1638 1322 1546 1912 1454 1840 1612 1487 1536 1338 1127 1001 1435 1014 1203 1111 1604 1127 1681 1041 1185 1986 1104 1799 1636 1600 1784 1864 1008 1650 1203 1052 1194 1957 1220 1010 1880 1201 1468 1624 1138 1867 1825 1141 1608 1044 1552 1618 1277 1622 1573 1903 1628 1436 1104 1199 1284 BCNSPRNW ULIB Ver.6.0+V

เปลี่ยนเป็นภาษาไทย

Change to English
 แสดงรายละเอียดบรรณานุกรม
  กลับหน้าหลัก

Brief Record : Get Marc (ISO 2709) : E-mail record : QR code < ปิดหน้าต่าง
LEADER : 00000nam 2200000uu 4500
001    13399128138
003     ULIB
008    220718s2564||||th 000 0 tha d
020    ^a9789740340560
060 04 ^aW20.5^bจ755ว
100 0  ^aเจษฎา คุณโน
245 00 ^aวิธีการวิจัยพื้นฐานสำหรับวิทยาศาสตร์สุขภาพ =^bBasic of researchmethodology for health science /^cเจษฎา คุณโน
246 31 ^aBasic of research methodology for health science
250    ^aพิมพ์ครั้งที่ 1
260    ^aกรุงเทพฯ :^bสำนักพิมพ์จุฬาลงกรณ์มหาวิทยาลัย,^c2564
300    ^aก-ฉ, 264 หน้า :^bภาพประกอบ ;^c26 ซม.
504    ^aมีบรรณานุกรมและดัชนี
505 0  ^aบทนำงานวิจัย -- การกำหนดปัญหาวิจัย -- การเลือกวิธีออกแบบงานวิจัย --ปัจจัยรบกวนและอคติ -- เครื่องมือสำหรับเลือกกลุ่มตัวอย่าง --เครื่องมือสำหรับการเก็บข้อมูล -- เครื่องสำหรับการวิเคราะห์ข้อมูล --เอกสารอื่น ๆ -- การร่างผลงานวิจัยสำหรับตีพิมพ์ --แหล่งการสืบค้นเอกสารอ้างอิง -- เครื่องมือตรวจสอบ --การสร้างเอกสารอ้างอิง
650  4 ^aวิทยาศาสตร์สุขภาพxวิจัย
650  4 ^aวิทยาศาสตร์สุขภาพ^xระเบียบวิธีทางสถิติ
650  4 ^aMedicine^xResearch^xMethodology
650  4 ^aการเขียนโครงการวิจัย
945    ^p290^l0^i29386
945    ^p290^l0^i29387
945    ^p290^l0^i29388
945    ^p290^l0^i29389
945    ^p290^l0^i29390
999    ^aกัณชพร จุลอักษร
รายการนี้ยังไม่มีแท็ก
คุณยังไม่ได้ล็อกอิน คุณสามารถมีกิจกรรมร่วมกับเว็บไซต์ได้ แต่ต้องล็อกอินก่อน ::
  ล็อกอิน

รายการสื่อสารสนเทศ

ลำดับที่ ประเภท เลขเรียก/บาร์โค้ด สถานที่ สถานะ
1. หนังสือสำรอง
หนังสือสำรอง
W20.5 จ755ว ฉ.1 
  Barcode: 29386
ห้องสมุดวิทยาเขตนครสวรรค์
►หนังสือทั่วไป:l:General Books
บนชั้น
2. วิทยาศาสตร์การแพทย์ และสุขภาพ
วิทยาศาสตร์การแพทย์ และสุขภาพ
W20.5 จ755ว ฉ.2 
  Barcode: 29387
ห้องสมุดวิทยาเขตนครสวรรค์
►หนังสือทั่วไป:l:General Books
บนชั้น
3. วิทยาศาสตร์การแพทย์ และสุขภาพ
วิทยาศาสตร์การแพทย์ และสุขภาพ
W20.5 จ755ว ฉ.3 
  Barcode: 29388
ห้องสมุดวิทยาเขตนครสวรรค์
►หนังสือทั่วไป:l:General Books
บนชั้น
4. วิทยาศาสตร์การแพทย์ และสุขภาพ
วิทยาศาสตร์การแพทย์ และสุขภาพ
W20.5 จ755ว ฉ.4 
  Barcode: 29389
ห้องสมุดวิทยาเขตนครสวรรค์
►หนังสือทั่วไป:l:General Books
บนชั้น
5. วิทยาศาสตร์การแพทย์ และสุขภาพ
วิทยาศาสตร์การแพทย์ และสุขภาพ
W20.5 จ755ว ฉ.5 
  Barcode: 29390
ห้องสมุดวิทยาเขตนครสวรรค์
►หนังสือทั่วไป:l:General Books
บนชั้น

รายการใกล้เคียง
    ผู้แต่ง [เจษฎา คุณโน]

    หัวเรื่อง [วิทยาศาสตร์สุขภาพxวิจัย]
    หัวเรื่อง [การเขียนโครงการวิจัย]

BibComment


ยังไม่เคยถูกคอมเมนท์

คอมเมนท์ทรัพยากรรายการนี้
  คอมเมนท์: วิธีการวิจัยพื้น..


 Copyright 2026. Bcnsprnw @Library